MARC

LEADER 00000nam0a2200000 4500
001 325231
005 20231102003738.0
035 |a (RuTPU)RU\TPU\book\350844 
090 |a 325231 
100 |a 20161201d1951 m y0rusy50 ca 
101 0 |a rus 
102 |a RU 
105 |a a j 001zy 
200 1 |a Инженерная геология  |e учебник  |f И. В. Попов 
210 |a Москва  |c Госгеолиздат  |d 1951 
215 |a 443 с.  |c ил.  |e Прилож. : 1 вкл. л. карт. 
320 |a Библиогр. в конце гл. 
606 1 |a Инженерная геология  |2 stltpush  |3 (RuTPU)RU\TPU\subj\12572  |9 39335 
610 1 |a учебники 
610 1 |a история 
610 1 |a региональная геология 
610 1 |a геологические процессы 
610 1 |a устойчивость 
610 1 |a берега 
610 1 |a формирование 
610 1 |a водные потоки 
610 1 |a наносы 
610 1 |a оврагообразование 
610 1 |a сели 
610 1 |a лавины 
610 1 |a оползни 
610 1 |a карст 
610 1 |a вечная мерзлота 
610 1 |a землетрясения 
610 1 |a защитные мероприятия 
610 1 |a горное давление 
610 1 |a сдвижение 
610 1 |a инженерно-геологические исследования 
610 1 |a строительные работы 
675 |a 624.131.1(075.8)  |v 4 
700 1 |a Попов  |b И. В. 
801 1 |a RU  |b 63413507  |c 20161201 
801 2 |a RU  |b 63413507  |c 20221206  |g RCR 
942 |c BK